Регионална библиотека "Любен Каравелов" - Русе

Офицерско-емигрантския въпрос и вестник "Свобода" (Запис номер 125785)

MARC детайли
000 -Лидер
Контролно поле с фиксирана дължина nam a22 a 4500
003 - Код на организацията, давaща контролен номер
Контролно поле BLK
005 - Дата и час на последна редакция
Контролно поле 20201013133339.0
008 - Елементи от данни с фиксирана дължина
fixed length control field 180409b bul|||||r ||||||| ||bul||
010 ## - Наследен системен номер
LC control number KNG00131463000
040 ## - Източник на каталожния запис
Идентификатор на билиотеката - собственик на записа BLK
041 ## - Код за език
Код за езика на текст/звукозапис или на отделно заглавие Български
Код за езика КДБФ Български
072 #7 - Код за тематичната категория
Код организация bullib
Код за тематична категория Ц
Текст Редки и ценни
080 ## - УДК
Текстов определител УДК Военно дело. Военни науки. Народна отбрана. Въоръжени сили
УДК код - определител по УДК 355/359
УДК определител (497.2)
УДК - код + определител 355/359(497.2)
100 1# - Редна дума - Автор
Автор Белинов, Иван Иванов
Авторска отговорност първи автор
R(LIN) 319619
139 ## - Редно поле
Редна дума Белинов, Иван Иванов
Авторски знак Беле - Б 34
245 10 - Сведения за заглавието
Заглавие Офицерско-емигрантския въпрос и вестник "Свобода"
Подзаглавни данни Предизвикан отговор
Редно поле (дума) Иван Иванов Белинов.
257 ## - Страна на издаване
Страна на създаване/издаване България
260 ## - Област на издателските данни
Година на издаване 1896
Печатница Русе : печ. и литогр. Перец Йос. Алкалай
Място на издаване, разпространение и проч. Русе
300 ## - Физическа характеристика
Страници 38 с.
Размери/Мащаб 19 см
380 ## - Жанр
Жанр Обществени науки
490 ## - СЕРИИ (Колекции)
9 (RLIN) 435080
Име на серия Колекция Редки и ценни издания
650 #4 - Допълнително описание по предмет – тема
Основно описание – тема или топоним Офицери, български
9 (RLIN) 244898
650 #4 - Допълнително описание по предмет – тема
Основно описание – тема или топоним Армия, българска
9 (RLIN) 319620
651 #4 - Допълнително описание по предмет - топоним
Географско понятие България
9 (RLIN) 241624
653 ## - Ключова дума – ненормативна
Ключова дума офицери
653 ## - Ключова дума – ненормативна
Ключова дума армия
659 ## - Тематичен бюлетин
Тематичен бюлетин Ц
852 ## - Местоположение
Форматна сигнатура Рб 896
Фондова буква Редки и ценни
856 4# - Електронен адрес и достъп
Електронен формат pdf - файл
856 4# - Електронен адрес и достъп
Електронен формат pdf - файл
999 ## - СИСТЕМНИ КОНТРОЛНИ НОМЕРА
Koha biblionumber 125785
Koha biblioitemnumber 125785
942 ## - АРТИКУЛИ
Вид на библиотечния материал Книги
Скрит в OPAC Не
Периодичен библиозапис Да
944 ## - СЪЗДАВАНЕ И РЕДАКЦИЯ на ЗАПИСА
Създаване/Редакция Създаване
Дата на регистрацията/редакция 21.06.2012
Статус, дата на статуса ф / 21.06.2012
Служител, извършил регистрацията/редакцията Наталия_Медовщикова
944 ## - СЪЗДАВАНЕ И РЕДАКЦИЯ на ЗАПИСА
Създаване/Редакция Редакция
Дата на регистрацията/редакция 21.06.2012
Статус, дата на статуса ф / 21.06.2012
999 ## - СИСТЕМНИ КОНТРОЛНИ НОМЕРА
Koha biblioitemnumber 125785
Наличности
Код за отписване Код за изгубен артикул Източник на класификационната схема Код за повреда Коз за рестрикции Код за отдаване Артикулен № Име на библиотеката - собственик Име на библиотеката, в която се намира в момента Статус (Текущо местоположение) Дата на вписване в системата Местоположение - отдел Цена в лева Инвентарен номер Систематично азбучна сигнатура Баркод Номер на екземпляра Цена в евро Служебна бележка Служебен тип на артикула
  Не е изгубен Universal Decimal Classification Не е повреден само за читалня Специални фондове ( старопечатни, редки и ценни, фонд М. Арнаудов) 204670 Регионална библиотека "Любен Каравелов" Русе Регионална библиотека "Любен Каравелов" Русе Редки и ценни 1896-01-01 Редки и ценни 0.03 13184 Рб 896 900000021171 1 0.02 N: стар фонд Дата: 01.01.1896 Дата инв: 15.12.2016 Бележки инв: Рц2016 Книги
  Не е изгубен Universal Decimal Classification Не е повреден само за читалня Специални фондове ( старопечатни, редки и ценни, фонд М. Арнаудов) 204671 Регионална библиотека "Любен Каравелов" Русе Регионална библиотека "Любен Каравелов" Русе Редки и ценни 1896-01-01 Редки и ценни 0.40 268755 Рб 896 120000268755 2 0.20 N: стар фонд Дата: 01.01.1896 Дата инв: 15.12.2016 Бележки инв: Рц2016 Книги
Vip Innovations Ltd, Rousse, Bulgaria 2025